|
|
|
|
| LEADER |
00000nam0a2200000 4500 |
| 001 |
363384 |
| 005 |
20231102011602.0 |
| 035 |
|
|
|a (RuTPU)RU\TPU\retro\20731
|
| 090 |
|
|
|a 363384
|
| 100 |
|
|
|a 20210929d1980 k y0rusy50 ca
|
| 101 |
0 |
|
|a rus
|
| 102 |
|
|
|a UA
|
| 105 |
|
|
|a a z 001zy
|
| 200 |
1 |
|
|a Конструктивное описание групп с заданными свойствами подгрупп
|e сборник научных трудов
|f Академия наук Украинской ССР, Институт математики
|
| 210 |
|
|
|a Киев
|c Изд-во Ин-та математики АН УССР
|d 1980
|
| 215 |
|
|
|a 142 с.
|c ил.
|
| 320 |
|
|
|a Библиография в конце статей
|
| 606 |
1 |
|
|a Группы, теория
|x (математика)
|2 stltpush
|3 (RuTPU)RU\TPU\subj\8861
|9 36192
|
| 610 |
1 |
|
|a гамильтоновы группы
|
| 610 |
1 |
|
|a абелевы подгруппы
|
| 610 |
1 |
|
|a абелевы группы
|
| 610 |
1 |
|
|a расширения
|
| 610 |
1 |
|
|a локально конечные группы
|
| 610 |
1 |
|
|a бесконечные неабелевы подгруппы
|
| 610 |
1 |
|
|a теорема Фробениуса
|
| 610 |
1 |
|
|a сервантные подгруппы
|
| 675 |
|
|
|a 512.54
|v 4
|
| 712 |
0 |
2 |
|a Академия наук Украинской ССР
|b Институт математики
|2 stltpush
|3 (RuTPU)RU\TPU\col\11281
|9 25017
|
| 801 |
|
1 |
|a RU
|b 63413507
|c 20210929
|
| 942 |
|
|
|c BK
|